000 00757nam a2200229Ii 4500
003 JO-AjNU
008 230605s9999||||xx |||||||||||||| ||und||
017 _a2009/13050
020 _a978-977-455-378--6
040 _aJO-AjNU
_bara
_erda
_cJO-AjNU
041 _aara
050 1 4 _aTH5604 2009
100 3 _aبورتر، برايز، م مشارك كريستوفر تووك,
_eauthor
_951389
245 0 0 _aموسوعة التدريب العملي قي النجارة
250 _aط2
264 3 1 _aمصر: دار الفاروق للاستثمارات الثقافية، 2009
300 _a536ص
336 _atext
_btxt
_2rdacontent
337 _aunmediated
_bn
_2rdamedia
338 _avolume
_bnc
_2rdacarrier
650 4 _aالنجارة
_951390
999 _aA22695
_c26263
_d26263